00569 2200181 4500001002100000005001700021008004100038020002200079035002500101084002100126100001700147245008300164260003200247300003100279650004800310850001200358990001700370YOGYA-0111000000011020150804095603.0 ind  a978-979-662-444-7 a0010-011100000000110 aPK 519.282 Tho E aTHOMSON, Sue aEnsiklopedia matematika terapan :bmatematika dalam lingkunganc/ THOMSON, Sue aKlatenbCempaka Putihc2009 a48 hlm. :bilus. ;c30 cm. aMatematika terapan - Ensiklopedi lingkungan aYOPDYOG a4077-PK/B.10